<?xml version="1.0" encoding="UTF-8"?>
<collection xmlns="http://www.loc.gov/MARC21/slim">
 <record>
  <leader>04551nam a22004935i 4500</leader>
  <controlfield tag="001">978-94-007-7902-0</controlfield>
  <controlfield tag="003">DE-He213</controlfield>
  <controlfield tag="005">20210617104735.0</controlfield>
  <controlfield tag="007">cr nn 008mamaa</controlfield>
  <controlfield tag="008">140806s2014    ne |    s    |||| 0|eng d</controlfield>
  <datafield tag="020" ind1=" " ind2=" ">
   <subfield code="a">9789400779020</subfield>
   <subfield code="9">978-94-007-7902-0</subfield>
  </datafield>
  <datafield tag="024" ind1="7" ind2=" ">
   <subfield code="a">10.1007/978-94-007-7902-0</subfield>
   <subfield code="2">doi</subfield>
  </datafield>
  <datafield tag="050" ind1=" " ind2="4">
   <subfield code="a">B829.5.A-829.5.Z</subfield>
  </datafield>
  <datafield tag="072" ind1=" " ind2="7">
   <subfield code="a">HPCF3</subfield>
   <subfield code="2">bicssc</subfield>
  </datafield>
  <datafield tag="072" ind1=" " ind2="7">
   <subfield code="a">PHI018000</subfield>
   <subfield code="2">bisacsh</subfield>
  </datafield>
  <datafield tag="072" ind1=" " ind2="7">
   <subfield code="a">QDHR5</subfield>
   <subfield code="2">thema</subfield>
  </datafield>
  <datafield tag="082" ind1="0" ind2="4">
   <subfield code="a">142.7</subfield>
   <subfield code="2">23</subfield>
  </datafield>
  <datafield tag="245" ind1="1" ind2="0">
   <subfield code="a">Islamic Philosophy and Occidental Phenomenology in Dialogue</subfield>
   <subfield code="h">[electronic resource] :</subfield>
   <subfield code="b">The Logos of Life and Cultural Interlacing /</subfield>
   <subfield code="c">edited by Anna-Teresa Tymieniecka, Nazif Muhtaroglu, Detlev Quintern.</subfield>
  </datafield>
  <datafield tag="250" ind1=" " ind2=" ">
   <subfield code="a">1st ed. 2014.</subfield>
  </datafield>
  <datafield tag="264" ind1=" " ind2="1">
   <subfield code="a">Dordrecht :</subfield>
   <subfield code="b">Springer Netherlands :</subfield>
   <subfield code="b">Imprint: Springer,</subfield>
   <subfield code="c">2014.</subfield>
  </datafield>
  <datafield tag="300" ind1=" " ind2=" ">
   <subfield code="a">X, 196 p.</subfield>
   <subfield code="b">online resource.</subfield>
  </datafield>
  <datafield tag="336" ind1=" " ind2=" ">
   <subfield code="a">text</subfield>
   <subfield code="b">txt</subfield>
   <subfield code="2">rdacontent</subfield>
  </datafield>
  <datafield tag="337" ind1=" " ind2=" ">
   <subfield code="a">computer</subfield>
   <subfield code="b">c</subfield>
   <subfield code="2">rdamedia</subfield>
  </datafield>
  <datafield tag="338" ind1=" " ind2=" ">
   <subfield code="a">online resource</subfield>
   <subfield code="b">cr</subfield>
   <subfield code="2">rdacarrier</subfield>
  </datafield>
  <datafield tag="347" ind1=" " ind2=" ">
   <subfield code="a">text file</subfield>
   <subfield code="b">PDF</subfield>
   <subfield code="2">rda</subfield>
  </datafield>
  <datafield tag="490" ind1="1" ind2=" ">
   <subfield code="a">Islamic Philosophy and Occidental Phenomenology in Dialogue ;</subfield>
   <subfield code="v">7</subfield>
  </datafield>
  <datafield tag="505" ind1="0" ind2=" ">
   <subfield code="a">Introduction; Part One; Phenomenology of life and metaphysics; Section One -- Daniela Verducci; A metamorphic logos for post-metaphysics. From the phenomenology of life -- Section Two -- Salahaddin Khalilov; The effect of illumination on the way back from Aristotle to Plato -- Simon Farid Oliai; The ‘High Point’ of thought: On the future thrust of all Transcendence -- Section Three -- Konul Bunyadzade; The sources of truth in the history of philosophy -- Chris Osegenwune; Necessity and Chance: The metaphysical dilemma -- Part Two -- Comparative and cross-cultural approaches; Section One -- Olga Louchakova-Schwartz; The seal of philosophy: Tymieniecka’s phenomenology of life versus Islamic metaphysics -- Angéle Kremer-Marietti ; Confrontation et réconciliation entre l’Islam et l’Occident -- Section Two -- A.L. Samian; The Question of Divinity in Newton’s and al-Biruni‘s philosophies of Mathematics: A comparative perspective -- Semiha Akinci; Algorithms in the twentieth Century -- Section Three -- Ilona Kock; Ontologization of Ethics or Ethicization of Ontology– a Comparative approach on Plotinus and al-Ghazali -- Reza Rokoee; Avicenna and Husserl: Comparative Aspects -- Abdul Rahim Afaki; Interpreting the divine word and appropriating a text: The Farâhî-Ricoeur thematic affinity -- Section Four -- Jad Hatem ; Dieu et son mirage. L’exegese Druze de Coran 24:39 -- Section Five -- Detlev Quintern; ‘Aql al-Kullî meets the Logos of Life – A cross-cultural path towards a new Enlightenment.</subfield>
  </datafield>
  <datafield tag="520" ind1=" " ind2=" ">
   <subfield code="a">The contributions, composed in this volume, are inspired not only by the necessity but also by the potentialities of a process which continues and deepens cross-cultural understanding, especially between Islamic and Western philosophy. Following the tradition of an East-Western symphony of thoughts, the authors focus on common horizons and while applying comparative and historical approaches, varieties of unity appear on the ways towards a New Enlightenment. The creative force, orchestrating the harmony in the web of Life, communicates in the mean time with the capacities of human beings, advancing in deciphering its micro-macrocosmic dimensions. Here, the encounter of the Logos of Life Philosophy (A-T. Tymieniecka) and Islamic Philosophy open the space for constructive disputation. In the wake of the crisis of postmodern unknowability, paths towards a new critique of reason go hand in hand with fundamental issues, being reflected newly.</subfield>
  </datafield>
  <datafield tag="650" ind1=" " ind2="0">
   <subfield code="a">Phenomenology .</subfield>
  </datafield>
  <datafield tag="650" ind1="1" ind2="4">
   <subfield code="a">Phenomenology.</subfield>
   <subfield code="0">https://scigraph.springernature.com/ontologies/product-market-codes/E44070</subfield>
  </datafield>
  <datafield tag="700" ind1="1" ind2=" ">
   <subfield code="a">Tymieniecka, Anna-Teresa.</subfield>
   <subfield code="e">editor.</subfield>
   <subfield code="4">edt</subfield>
   <subfield code="4">http://id.loc.gov/vocabulary/relators/edt</subfield>
  </datafield>
  <datafield tag="700" ind1="1" ind2=" ">
   <subfield code="a">Muhtaroglu, Nazif.</subfield>
   <subfield code="e">editor.</subfield>
   <subfield code="4">edt</subfield>
   <subfield code="4">http://id.loc.gov/vocabulary/relators/edt</subfield>
  </datafield>
  <datafield tag="700" ind1="1" ind2=" ">
   <subfield code="a">Quintern, Detlev.</subfield>
   <subfield code="e">editor.</subfield>
   <subfield code="4">edt</subfield>
   <subfield code="4">http://id.loc.gov/vocabulary/relators/edt</subfield>
  </datafield>
  <datafield tag="710" ind1="2" ind2=" ">
   <subfield code="a">SpringerLink (Online service)</subfield>
  </datafield>
  <datafield tag="773" ind1="0" ind2=" ">
   <subfield code="t">Springer Nature eBook</subfield>
  </datafield>
  <datafield tag="776" ind1="0" ind2="8">
   <subfield code="i">Printed edition:</subfield>
   <subfield code="z">9789400779013</subfield>
  </datafield>
  <datafield tag="776" ind1="0" ind2="8">
   <subfield code="i">Printed edition:</subfield>
   <subfield code="z">9789400779037</subfield>
  </datafield>
  <datafield tag="776" ind1="0" ind2="8">
   <subfield code="i">Printed edition:</subfield>
   <subfield code="z">9789402400878</subfield>
  </datafield>
  <datafield tag="830" ind1=" " ind2="0">
   <subfield code="a">Islamic Philosophy and Occidental Phenomenology in Dialogue ;</subfield>
   <subfield code="v">7</subfield>
  </datafield>
  <datafield tag="856" ind1="4" ind2="0">
   <subfield code="u">https://doi.org/10.1007/978-94-007-7902-0</subfield>
  </datafield>
  <datafield tag="912" ind1=" " ind2=" ">
   <subfield code="a">ZDB-2-SHU</subfield>
  </datafield>
  <datafield tag="912" ind1=" " ind2=" ">
   <subfield code="a">ZDB-2-SXPR</subfield>
  </datafield>
  <datafield tag="950" ind1=" " ind2=" ">
   <subfield code="a">Humanities, Social Sciences and Law (SpringerNature-11648)</subfield>
  </datafield>
  <datafield tag="950" ind1=" " ind2=" ">
   <subfield code="a">Philosophy and Religion (R0) (SpringerNature-43725)</subfield>
  </datafield>
 </record>
</collection>
